书目信息 |
| 题名: |
基于群体智能优化算法的文本过滤关键技术研究
|
|
| 作者: | 朱振方 , 刘培玉 , 尉永清 著 | |
| 分册: | ||
| 出版信息: | 北京 中国水利水电出版社 2019.11 |
|
| 页数: | 189页 | |
| 开本: | 24cm | |
| 丛书名: | ||
| 单 册: | ||
| 中图分类: | TP301.6 | |
| 科图分类: | ||
| 主题词: | 计算机算法--ji suan ji suan fa--最优化算法--研究 | |
| 电子资源: | ||
| ISBN: | 978-7-5170-8228-6 | |
| 000 | 01008nam0 2200265 450 | |
| 001 | 2374205845 | |
| 005 | 20231125203657.45 | |
| 010 | @a978-7-5170-8228-6@dCNY58.00 | |
| 100 | @a20200418d2019 em y0chiy50 ea | |
| 101 | 0 | @achi |
| 102 | @aCN@b110000 | |
| 105 | @aa a 000yy | |
| 106 | @ar | |
| 200 | 1 | @a基于群体智能优化算法的文本过滤关键技术研究@Aji yu qun ti zhi neng you hua suan fa de wen ben guo lu^ guan jian ji shu yan jiu@f朱振方, 刘培玉, 尉永清著 |
| 210 | @a北京@c中国水利水电出版社@d2019.11 | |
| 215 | @a189页@c图@d24cm | |
| 320 | @a有书目 (第175-189页) | |
| 330 | @a本书共分为十一章, 主要内容包括: 绪论、文本信息过滤关键技术概述、基于统计与规则的特征项联合权重文本权重计算方法、融合段落特性的文档权重计算方法等。 | |
| 606 | 0 | @a计算机算法@Aji suan ji suan fa@x最优化算法@x研究 |
| 690 | @aTP301.6@v5 | |
| 701 | 0 | @a朱振方@Azhu zhen fang@4著 |
| 701 | 0 | @a刘培玉@Aliu pei yu@4著 |
| 701 | 0 | @a尉永清@Awei yong qing@4著 |
| 801 | @aCN@b山东中教@c20231121 | |
| 905 | @aBZT@dTP301.6@e18 | |
| 基于群体智能优化算法的文本过滤关键技术研究/朱振方, 刘培玉, 尉永清著.-北京:中国水利水电出版社,2019.11 |
| 189页:图;24cm |
| ISBN 978-7-5170-8228-6:CNY58.00 |
| 本书共分为十一章, 主要内容包括: 绪论、文本信息过滤关键技术概述、基于统计与规则的特征项联合权重文本权重计算方法、融合段落特性的文档权重计算方法等。 |
| ● |
| 相关链接 |
|
|
|
正题名:基于群体智能优化算法的文本过滤关键技术研究
索取号:TP301.6/18
 
预约/预借
| 序号 | 登录号 | 条形码 | 馆藏地/架位号 | 状态 | 备注 |
| 1 | 2001052192 | 2001052192 | 中教第一批/山东中教(第一批)/722/ [索取号:TP301.6/18] | 在馆 | |
| 2 | 2001052193 | 2001052193 | 中教第一批/山东中教(第一批)/722/ [索取号:TP301.6/18] | 在馆 | |
| 3 | 2001052194 | 2001052194 | 中教第一批/山东中教(第一批)/722/ [索取号:TP301.6/18] | 在馆 | |
| 4 | 2001052195 | 2001052195 | 中教第一批/山东中教(第一批)/722/ [索取号:TP301.6/18] | 在馆 | |
| 5 | 2001052196 | 2001052196 | 中教第一批/山东中教(第一批)/722/ [索取号:TP301.6/18] | 在馆 | |
| 6 | 2001052197 | 2001052197 | 中教第一批/山东中教(第一批)/722/ [索取号:TP301.6/18] | 在馆 |